[Event "Fénix "]
[Site "SchemingMind.com"]
[Date "2015.12.04"]
[Round "-"]
[White "Phillip Beckett"]
[Black "mmccaffe"]
[Result "1/2-1/2"]
[WhiteCountry "ENG"]
[BlackCountry "USA"]
[WhiteElo "1586"]
[WhiteRD "49"]
[BlackElo "1701"]
[BlackRD "75"]
[GameID "391402"]

1. e4 e6 2. d4 d5 3. Nd2 Nf6 4. exd5 exd5 5. Ngf3 Be7 6. Bd3 O-O 7. O-O b6 8. c3 Bb7 9. Re1 Nbd7 10. Nf1 Re8
11. Ng3 c5 12. Bg5 h6 13. Bd2 Qc7 14. Qc2 Rac8 15. Rac1 c4 16. Be2 b5 17. Nf5 Bf8 18. Bf1 a5 19. Rxe8 Rxe8 20. Re1 Rxe1
21. Bxe1 Ne4 22. Ng3 Nxg3 23. hxg3 Nf6 24. Qf5 Bc8 25. Qe5 Bd6 26. Qe2 Ne4 27. Nd2 Bf5 28. Nxe4 Bxe4 29. f3 Bd3 30. Qe3 Bxf1
31. Kxf1 Bxg3 32. Bxg3 Qxg3 33. Qe8+ Kh7 34. Qxb5 Qh2 35. Qxd5 Qh1+ 36. Kf2 Qc1 37. Kg3 Qxb2 38. Qxc4 Qd2 39. Qxf7 Qg5+ 40. Kf2 Qd2+
41. Kg1 Qe1+ 42. Kh2 Qh4+=
1/2-1/2

[Event "Fénix "]
[Site "SchemingMind.com"]
[Date "2015.12.03"]
[Round "-"]
[White "mmccaffe"]
[Black "kenneth m day"]
[Result "1-0"]
[WhiteCountry "USA"]
[BlackCountry "USA"]
[WhiteElo "1703"]
[WhiteRD "77"]
[BlackElo "1674"]
[BlackRD "52"]
[GameID "391403"]

1. d4 d5 2. c4 Nc6 3. e3 Nf6 4. Nf3 Bg4 5. h3 Bh5 6. Nc3 dxc4 7. Bxc4 e6 8. O-O Be7 9. b3 O-O 10. Bb2 Re8
11. g4 Bg6 12. Bd3 Bxd3 13. Qxd3 Nd5 14. Nxd5 Bd6 15. Nc3 Qf6 16. Qe2 e5 17. d5 Ne7 18. Ne4 Qh6 19. Nxd6 cxd6 20. Kg2 Nxd5
21. Rfd1 Nb6 22. Rac1 Rad8 23. Rc7 Rd7 24. Rdc1 Qe6 25. e4 Qe7 26. Qc2 f6 27. Rxd7 Qxd7 28. Qc7 Re7 29. Qxd7 Rxd7 30. Rc2 Kf7
31. Nh4 g6 32. f4 Ke7 33. f5 Kf7 34. fxg6+ hxg6 35. Rf2 Kg7 36. Nf3 Rc7 37. Rd2 Rc6 38. Ba3 Nc8 39. g5 Kf7 40. gxf6 Kxf6
41. Rf2 b6 42. Bb2 Ke6 43. Ng5+ Ke7 44. Rf7+ Ke8 45. Rg7 Ne7 46. Ba3 a6 47. Rh7 a5 48. Ne6 Rc2+ 49. Kg3 Rxa2 50. Bc1 Rc2
51. Bg5 Kd7 52. Rxe7+ Kc8 53. Nf8 Rc3+ 54. Kg4 Rxb3 55. Nxg6 Rb4 56. Kf5 Kb8 57. h4 a4 58. h5 Rb2 59. h6 Rh2 60. Bh4
1-0

[Event "Fénix "]
[Site "SchemingMind.com"]
[Date "2015.12.03"]
[Round "-"]
[White "kenneth m day"]
[Black "mmccaffe"]
[Result "0-1"]
[WhiteCountry "USA"]
[BlackCountry "USA"]
[WhiteElo "1698"]
[WhiteRD "51"]
[BlackElo "1642"]
[BlackRD "71"]
[GameID "391404"]

1. e4 e6 2. d4 d5 3. e5 c5 4. c3 Nc6 5. Nf3 Qb6 6. Bd3 cxd4 7. cxd4 Bd7 8. O-O Rc8 9. b3 Nb4 10. a3 Nxd3
11. Qxd3 Bb5 12. Qd2 Bxf1 13. Kxf1 Qxb3 14. Bb2 Rc2 15. Qd1 Rxf2+ 16. Ke1 Rf1+ 17. Kxf1 Qxd1+ 18. Kf2 Nh6 19. Nc3 Qc2+
0-1

[Event "Fénix "]
[Site "SchemingMind.com"]
[Date "2015.12.08"]
[Round "-"]
[White "fouche"]
[Black "thefriediceman"]
[Result "0-1"]
[WhiteCountry "COL"]
[BlackCountry "USA"]
[WhiteElo "1585"]
[WhiteRD "66"]
[BlackElo "2040"]
[BlackRD "84"]
[GameID "391621"]

1. d4 d5 2. Nf3 c6 3. e3 Nf6 4. Bd3 Bg4 5. O-O Nbd7 6. Nbd2 e5 7. dxe5 Nxe5 8. Be2 Ng6 9. h3 Bd7 10. c4 Be7
11. cxd5 Nxd5 12. Nc4 O-O 13. e4 Ndf4 14. Bxf4 Nxf4 15. Re1 Bb4 16. Nfd2 Qg5 17. Bg4 Bxg4 18. Qxg4 Qxg4 19. hxg4 b6 20. Rad1 Rad8
21. a3 Bc5 22. g3 Nd3 23. Re2 Bd4 24. Nf3 Bxf2+ 25. Rxf2 Nxf2 26. Rxd8 Nh3+ 27. Kh2 Rxd8 28. Kxh3 f6 29. g5 Kf7 30. gxf6 gxf6
31. Kg4 Rg8+ 32. Kf4 h5 33. Ke3 Rxg3 34. Nd6+ Ke6 35. Nf5 Rg2 36. N3d4+ Kd7 37. b4 Ra2 38. Kf4 Rxa3 39. Ng7 h4 40. Nf3 h3
41. Nh5 Ke7 42. Ng7 Rb3 43. Nf5+ Kd7 44. b5 Rxb5 45. Kg4 Rb4 46. Ng3 Rb3 47. Nd4 Rd3 48. Nde2 h2 49. Kf5 Ke7 50. Kf4 Rd1
0-1

[Event "Fénix "]
[Site "SchemingMind.com"]
[Date "2015.12.08"]
[Round "-"]
[White "thefriediceman"]
[Black "fouche"]
[Result "1-0"]
[WhiteCountry "USA"]
[BlackCountry "COL"]
[WhiteElo "2040"]
[WhiteRD "84"]
[BlackElo "1585"]
[BlackRD "66"]
[GameID "391622"]

1. e4 e6 2. Nc3 Nc6 3. g3 Bb4 4. Bg2 Ba5 5. Nge2 b6 6. a3 Bxc3 7. Nxc3 Bb7 8. d3 Qe7 9. Be3 O-O-O 10. O-O h5
11. h4 f6 12. f4 Nh6 13. Bf3 g6 14. Nb5 Kb8 15. b4 a6 16. Nc3 Ng4 17. Bd2 Nd4 18. Bg2 g5 19. fxg5 fxg5 20. Bxg5 Nf6
21. Bxf6 Qh7 22. Bxd4 Rhg8 23. Bf2 d5 24. exd5 exd5 25. Ne2 Rde8 26. Nf4 c6 27. Qxh5 Qg7 28. Qf3 Ka7 29. a4 Rgf8 30. a5
1-0

[Event "Fénix "]
[Site "SchemingMind.com"]
[Date "2015.12.07"]
[Round "-"]
[White "echecs"]
[Black "thefriediceman"]
[Result "0-1"]
[WhiteCountry "ENG"]
[BlackCountry "USA"]
[WhiteElo "1869"]
[WhiteRD "67"]
[BlackElo "2040"]
[BlackRD "84"]
[GameID "391623"]

1. e4 e5 2. Nf3 Nc6 3. Bc4 Bc5 4. O-O d6 5. Nc3 Bg4 6. Be2 Nf6 7. d3 a6 8. Be3 Bxe3 9. fxe3 O-O 10. h3 Bd7
11. Qe1 h6 12. Qg3 Nh7 13. Nd5 Ne7 14. Nxe7+ Qxe7 15. Nh4 Qg5 16. Qxg5 Nxg5 17. Nf5 Kh7 18. h4 Ne6 19. b4 g6 20. Ng3 Kg7
21. a3 c5 22. c3 cxb4 23. axb4 Rac8 24. Rac1 Nc7 25. Rfe1 Nb5 26. c4 Na7 27. Rb1 Nc6 28. Nf1 Ne7 29. Kh2 f5 30. Bf3 g5
31. hxg5 hxg5 32. exf5 Bxf5 33. Bxb7 Bxd3 34. Bxc8 Bxb1 35. Bxa6 Bd3 36. Ng3 Nc6 37. b5 Na5 38. e4 Rd8 39. Nf5+ Kf8 40. Ra1 Nb3
41. Rd1 Nc5 42. Kh3 Bxc4 43. Rc1 Be6 44. Kg4 Nxe4 45. b6 Rb8 46. Rb1 d5 47. Rb2 Nd6 48. Kxg5 Bxf5 49. Kf6 e4 50. Ke5 Ke7
51. Kxd5 Kd7 52. Bb5+ Nxb5 53. Rxb5 e3 54. Kd4 e2 55. Re5 Bg4 56. Re4 Rxb6 57. Kd3 Rd6+
0-1

[Event "Fénix "]
[Site "SchemingMind.com"]
[Date "2015.12.07"]
[Round "-"]
[White "thefriediceman"]
[Black "echecs"]
[Result "1-0"]
[WhiteCountry "USA"]
[BlackCountry "ENG"]
[WhiteElo "2040"]
[WhiteRD "84"]
[BlackElo "1869"]
[BlackRD "67"]
[GameID "391624"]

1. e4 e5 2. Nc3 Nf6 3. g3 Bc5 4. Bg2 O-O 5. d3 Nc6 6. Nge2 Be7 7. O-O d6 8. h3 Qe8 9. Kh2 Bd8 10. f4 exf4
11. Nxf4 Nd4 12. Be3 Ne6 13. g4 c6 14. Nce2 Bc7 15. Kh1 Nc5 16. g5 Nfd7 17. Ng3 Ne6 18. h4 d5 19. exd5 cxd5 20. Nxe6 Qxe6
21. Bf2 Qd6 22. Qf3 Nb6 23. Rfe1 Be6 24. Nf1 Rab8 25. Bg3 Qd7 26. d4 Rbd8 27. c3 Nc4 28. Bxc7 Qxc7 29. Rab1 g6 30. Qf2 Qa5
31. a3 Qc7 32. Ne3 b5 33. Re2 a6 34. Qf3 Nb6 35. Ng4 Bxg4 36. Qxg4 f5 37. gxf6 Rxf6 38. Rf1 Rdf8 39. Rxf6 Rxf6 40. Qg5 Qf7
41. Kg1 Kg7 42. Qe5 Nc4 43. Qxd5 Qf8 44. Qb7+ Kh6 45. Re7 Qh8 46. Qd5 Rf5 47. Qe6 Qf6 48. Qd7 Qh8 49. Rf7 Rh5 50. Qg4 Qg8
51. Qf4+ g5 52. hxg5+ Qxg5 53. Qf6+ Qg6 54. Qxg6+ Kxg6 55. Rf2 Rg5 56. Re2 Kf6 57. Kh2 h6 58. Be4 a5 59. Bd3 Nd6 60. Bb1 Rh5+
61. Kg2 Nf5 62. Ba2 Nh4+ 63. Kg3 Nf5+ 64. Kf3 Nd6 65. Re6+ Kf5 66. Rxd6 Rh3+ 67. Kg2 Rh4 68. Rd5+
1-0

[Event "Fénix "]
[Site "SchemingMind.com"]
[Date "2015.12.07"]
[Round "-"]
[White "David Hartley"]
[Black "thefriediceman"]
[Result "0-1"]
[WhiteCountry "ENG"]
[BlackCountry "USA"]
[WhiteElo "1748"]
[WhiteRD "67"]
[BlackElo "2040"]
[BlackRD "84"]
[GameID "391625"]

1. d4 d5 2. Nf3 c6 3. c4 e6 4. e3 Nf6 5. Nc3 Nbd7 6. Bd3 a6 7. O-O dxc4 8. Bxc4 b5 9. Bd3 c5 10. dxc5 Bxc5
11. Ne4 Be7 12. Bd2 Bb7 13. Nxf6+ Bxf6 14. Rb1 O-O 15. b3 Re8 16. Be2 Nc5 17. Bb4 Ne4 18. Qxd8 Rexd8 19. Rbd1 Bc3 20. Be7 Rd5
21. Rxd5 Bxd5 22. Rc1 Ba5 23. Kf1 Nc3 24. Ra1 Nxe2 25. Kxe2 Rc8 26. Ne1 f6 27. f3 Kf7 28. Ba3 e5 29. e4 Be6 30. Rc1 Rd8
31. Rc2 f5 32. Bb2 fxe4 33. fxe4 Bg4+ 34. Nf3 Bxf3+ 35. gxf3 Ke6 36. Rc5 Rd2+
0-1

[Event "Fénix "]
[Site "SchemingMind.com"]
[Date "2015.12.07"]
[Round "-"]
[White "thefriediceman"]
[Black "David Hartley"]
[Result "1-0"]
[WhiteCountry "USA"]
[BlackCountry "ENG"]
[WhiteElo "1999"]
[WhiteRD "103"]
[BlackElo "1741"]
[BlackRD "65"]
[GameID "391626"]

1. e4 e5 2. Nc3 Nc6 3. g3 f5 4. Bg2 Nf6 5. d3 d6 6. Nge2 Be6 7. O-O Qc8 8. f4 Be7 9. fxe5 Nxe5 10. Nd4 fxe4
11. Nxe6 Qxe6 12. Nxe4 O-O 13. Nxf6+ Rxf6 14. Bxb7 Raf8 15. Bg2 Rxf1+ 16. Bxf1 Nf3+ 17. Kh1 Qe1 18. Bf4 Qf2 19. Bg2 Nd4 20. c3 Ne6
21. Bd5 Rf6 22. Bg5
1-0

[Event "Fénix "]
[Site "SchemingMind.com"]
[Date "2015.12.07"]
[Round "-"]
[White "mmccaffe"]
[Black "thefriediceman"]
[Result "1/2-1/2"]
[WhiteCountry "USA"]
[BlackCountry "USA"]
[WhiteElo "1701"]
[WhiteRD "75"]
[BlackElo "1999"]
[BlackRD "103"]
[GameID "391627"]

1. d4 d5 2. c4 c6 3. e3 Nf6 4. Nf3 Bg4 5. h3 Bh5 6. g4 Bg6 7. Bd3 dxc4 8. Bxc4 e6 9. Nc3 h6 10. Bd3 Bxd3
11. Qxd3 Nbd7 12. b3 Bd6 13. Bb2 Qa5 14. O-O O-O-O 15. Na4 Nc5 16. Nxc5 Bxc5 17. Rfc1 Bb6 18. Ne5 Qxe5 19. dxe5 Rxd3 20. exf6 g6
21. Kf1 Rhd8 22. Rc2 Bc7 23. Bd4 e5 24. Ke2 e4 25. f3 R8xd4 26. exd4 Rxf3 27. Rac1 Rxf6 28. d5 Kd7 29. dxc6+ bxc6 30. Rd1+ Ke7
31. Rdc1 Kd7 32. Rd1+ Ke7=
1/2-1/2

[Event "Fénix "]
[Site "SchemingMind.com"]
[Date "2015.12.08"]
[Round "-"]
[White "thefriediceman"]
[Black "mmccaffe"]
[Result "1/2-1/2"]
[WhiteCountry "USA"]
[BlackCountry "USA"]
[WhiteElo "1999"]
[WhiteRD "103"]
[BlackElo "1701"]
[BlackRD "75"]
[GameID "391628"]

1. e4 c6 2. Nc3 d5 3. g3 dxe4 4. Nxe4 Bf5 5. Bg2 e6 6. Ne2 Nd7 7. d3 Ngf6 8. Nxf6+ Nxf6 9. O-O Be7 10. h3 O-O
11. g4 Bg6 12. Nf4 Qc7 13. Nxg6 hxg6 14. c3 Rfd8 15. Qc2 Rd7 16. f4 Qb6+ 17. Kh2 Rad8 18. d4 c5 19. Be3 Nd5 20. Bxd5 Rxd5
21. Rad1 cxd4 22. Bxd4 Bc5 23. Bxc5 Qxc5 24. Rxd5 Qxd5 25. b3 Qd3 26. Rf2=
1/2-1/2

[Event "Fénix "]
[Site "SchemingMind.com"]
[Date "2015.12.07"]
[Round "-"]
[White "thefriediceman"]
[Black "Phillip Beckett"]
[Result "1-0"]
[WhiteCountry "USA"]
[BlackCountry "ENG"]
[WhiteElo "1999"]
[WhiteRD "103"]
[BlackElo "1586"]
[BlackRD "49"]
[GameID "391629"]

1. e4 e5 2. Nc3 Nf6 3. g3 Nc6 4. Bg2 Be7 5. d3 d6 6. Nge2 Be6 7. f4 exf4 8. Nxf4 Bd7 9. O-O O-O 10. h3 Qc8
11. Kh2 Nd4 12. Ncd5 Nxd5 13. Nxd5 Bd8 14. c3 Ne6 15. Be3 c6 16. Nf4 Nxf4 17. Bxf4 Bc7 18. Qh5 f5 19. Be3 fxe4 20. Bxe4 g6
21. Bxg6 Be8 22. Qxh7#
1-0

[Event "Fénix "]
[Site "SchemingMind.com"]
[Date "2015.12.07"]
[Round "-"]
[White "Phillip Beckett"]
[Black "thefriediceman"]
[Result "0-1"]
[WhiteCountry "ENG"]
[BlackCountry "USA"]
[WhiteElo "1586"]
[WhiteRD "49"]
[BlackElo "1999"]
[BlackRD "103"]
[GameID "391630"]

1. e4 e5 2. Nf3 Nc6 3. Bb5 a6 4. Bxc6 dxc6 5. d4 exd4 6. Qxd4 Bg4 7. Qxd8+ Rxd8 8. Be3 Bxf3 9. gxf3 Bd6 10. Nd2 Ne7
11. O-O-O O-O 12. Nc4 b5 13. Nxd6 cxd6 14. Bf4 d5 15. Bg5 f6 16. Be3 Rfe8 17. Bb6 Rd7 18. Bc5 Kf7 19. Bxe7 Rexe7 20. exd5 Rxd5
21. Rxd5 cxd5 22. Kd2 Re5 23. Rg1 g6 24. Rg4 a5 25. Rd4 Rh5 26. h4 Ke6 27. b3 g5 28. hxg5 Rxg5 29. b4 a4 30. f4 Rh5
31. Ke3 Rh3+ 32. f3 Rh2
0-1

[Event "Fénix "]
[Site "SchemingMind.com"]
[Date "2015.12.07"]
[Round "-"]
[White "thefriediceman"]
[Black "kenneth m day"]
[Result "1-0"]
[WhiteCountry "USA"]
[BlackCountry "USA"]
[WhiteElo "2040"]
[WhiteRD "84"]
[BlackElo "1698"]
[BlackRD "51"]
[GameID "391631"]

1. e4 e5 2. Nc3 Nf6 3. g3 Bc5 4. Bg2 O-O 5. d3 a6 6. Nge2 d6 7. O-O Nc6 8. h3 Be6 9. Kh2 b5 10. f4 exf4
11. Nxf4 Bd7 12. Ncd5 Nxd5 13. Nxd5 Bd4 14. c3 Ba7 15. Be3 Bxe3 16. Nxe3 Ne5 17. Nf5 Ng6 18. e5 Rb8 19. exd6 Bxf5 20. dxc7 Qxc7
21. Rxf5 Qd6 22. d4 Nh4 23. Rd5 Qc7 24. Rc5 Qd6 25. Rc6 Qe7 26. gxh4 a5 27. Qg4 h6 28. Rg1 g6 29. h5 Kh7 30. hxg6+ fxg6
31. Qxg6+
1-0

[Event "Fénix "]
[Site "SchemingMind.com"]
[Date "2015.12.07"]
[Round "-"]
[White "kenneth m day"]
[Black "thefriediceman"]
[Result "0-1"]
[WhiteCountry "USA"]
[BlackCountry "USA"]
[WhiteElo "1698"]
[WhiteRD "51"]
[BlackElo "2040"]
[BlackRD "84"]
[GameID "391632"]

1. e4 e5 2. f4 exf4 3. Nf3 d6 4. d4 g5 5. h4 g4 6. Ng5 f6 7. Bxf4 fxg5 8. Bxg5 Be7 9. Qd2 Bxg5 10. Qxg5 Qxg5
11. hxg5 h5 12. Nc3 c6 13. O-O-O Kf7 14. Bc4+ Kg6 15. Rdf1 Kxg5 16. Rf7 Nh6 17. Rf2 Nd7 18. g3 b5 19. Bd3 Bb7 20. Rfh2 Nf7
21. Ne2 Rae8 22. Nf4 Nf6 23. c3 a6 24. Kd2 c5 25. Re1 Bxe4 26. Rhe2 Bxd3 27. Kxd3 c4+ 28. Kd2 Rxe2+ 29. Rxe2 Re8 30. Ne6+ Kh6
31. Nf4 Rxe2+
0-1